书目信息 |
| 题名: |
金融数智化未来
|
|
| 作者: | 阿尔斯拉尼安 , 费雪 著 ;王勇 , 黄红华 , 陈秋雨 译 | |
| 分册: | ||
| 出版信息: | 北京 机械工业出版社 2021.01 |
|
| 页数: | XXIV, 342页 | |
| 开本: | 21cm | |
| 丛书名: | ||
| 单 册: | ||
| 中图分类: | F830.49 | |
| 科图分类: | ||
| 主题词: | 人工智能--ren gong zhi neng--应用--金融 | |
| 电子资源: | ||
| ISBN: | 978-7-111-66987-6 | |
| 000 | 01669nam0 2200325 450 | |
| 001 | 202021045039 | |
| 005 | 20211025120153.0 | |
| 010 | @a978-7-111-66987-6@b精装@dCNY79.00 | |
| 100 | @a20211006d2021 em y0chiy50 ea | |
| 101 | 1 | @achi@ceng |
| 102 | @aCN@b110000 | |
| 105 | @aa z 000yy | |
| 106 | @ar | |
| 200 | 1 | @a金融数智化未来@Ajin rong shu zhi hua wei lai@f(加) 亨利·阿尔斯拉尼安, 法布里斯·费雪著@d= The future of finance the impact of fintech, ai, and crypto on financial services@fHenri Arslanian, Fabrice Fischer@g王勇, 黄红华, 陈秋雨译@zeng |
| 210 | @a北京@c机械工业出版社@d2021.01 | |
| 215 | @aXXIV, 342页@c图@d21cm | |
| 300 | @a华章经管 | |
| 306 | @a由Springer Nature Switzerland AG授权出版 | |
| 314 | @a亨利·阿尔斯拉尼安, 香港金融科技协会主席, 香港大学兼职副教授。法布里斯·费雪, Blu公司创始人兼首席执行官。王勇, 博士, 国家千人计划专家, 上海市千人计划专家。黄红华, 上海交通大学计算机应用硕士、西安交通大学计算机学士, 特许金融分析师 (CFA)。陈秋雨, 浙江大学经济学博士、管理学硕士和统计学学士。 | |
| 330 | @a全书分为六大部分, 主要介绍了金融科技、加密货币以及人工智能这些技术发展的成因、背景和基本原理, 还介绍了现有的行业痛点和新技术的驱动因素。 | |
| 500 | 10 | @aFuture of finance the impact of fintech, ai, and crypto on financial services@mChinese |
| 606 | 0 | @a人工智能@Aren gong zhi neng@x应用@x金融 |
| 690 | @aF830.49@v5 | |
| 701 | 1 | @a阿尔斯拉尼安@Aa er si la ni an@g(Arslanian, Henri)@4著 |
| 701 | 1 | @a费雪@Afei xue@g(Fischer, Fabrice)@4著 |
| 702 | 0 | @a王勇@Awang yong@4译 |
| 702 | 0 | @a黄红华@Ahuang hong hua@4译 |
| 702 | 0 | @a陈秋雨@Achen qiu yu@4译 |
| 801 | 0 | @aCN@c20210909 |
| 905 | @a河南城建学院图书馆@dF830.49@eA056 | |
| 金融数智化未来/(加) 亨利·阿尔斯拉尼安, 法布里斯·费雪著= The future of finance the impact of fintech, ai, and crypto on financial services/Henri Arslanian, Fabrice Fischer/王勇, 黄红华, 陈秋雨译.-北京:机械工业出版社,2021.01 |
| XXIV, 342页:图;21cm |
| 华章经管 |
| ISBN 978-7-111-66987-6(精装):CNY79.00 |
| 全书分为六大部分, 主要介绍了金融科技、加密货币以及人工智能这些技术发展的成因、背景和基本原理, 还介绍了现有的行业痛点和新技术的驱动因素。 |
| ● |
| 相关链接 |
|
|
|
正题名:金融数智化未来
索取号:F830.49/A056
 
预约/预借
| 序号 | 登录号 | 条形码 | 馆藏地/架位号 | 状态 | 备注 |
| 1 | 1544789 | 215447899 | 社科库409/409社科库 51排2列4层/ [索取号:F830.49/A056] | 在馆 | |
| 2 | 1544790 | 215447906 | 社科库409/409社科库 51排2列4层/ [索取号:F830.49/A056] | 在馆 |